| 000 | 00647nam a2200205Ia 4500 | ||
|---|---|---|---|
| 005 | 20260121110109.0 | ||
| 008 | 008 260114s9999 xx 000 0 hin d | ||
| 020 | _a9788132355137 | ||
| 037 | _aEBOOK | ||
| 040 |
_aCRL _bhin _cCRL |
||
| 041 |
_ahin _2hin |
||
| 084 | _qCRL | ||
| 100 |
_aदिग्पाल सिंह / Digpal Singh _9942010 |
||
| 245 | 0 | _aसफ़लता के शिखर पर / Safalta Ke Shikhar Par | |
| 260 |
_bभाषा प्रकाशन / Bhasha Prakashan _c2021 |
||
| 856 | _uhttps://bhashaprakashan.com/product-details/378650 | ||
| 942 | _cEBOOK | ||
| 999 |
_c1533675 _d1533675 |
||